| 000 | 00608nam a2200241Ia 4500 | ||
|---|---|---|---|
| 005 | 20251020182515.0 | ||
| 008 | 200515s9999 xx 000 0 und d | ||
| 020 | _a958-600-294-2 | ||
| 082 | _a658.56/M12/3 | ||
| 100 | _aBerry, Thomas H. | ||
| 245 | 0 | _aComo gerenciar la transformación hacia la calidad total | |
| 260 | _aSantafé de Bogotá, D.C. | ||
| 260 | _bMcGraw-Hill | ||
| 260 | _c1994 | ||
| 300 | _bil.; tbls. | ||
| 490 | _aSerie McGraw-Hill de calidad total | ||
| 500 | _a1 ejemplar | ||
| 520 | _at.3 | ||
| 650 | _aCALIDAD TOTAL | ||
| 942 | _cLIB | ||
| 999 |
_c1561 _d1561 |
||